Új üzemrész Csehszlovákiából 688 milliós beruházással épül az EMERGÉ II. /
Elmentve itt :
| Szerző: | |
|---|---|
| Dokumentumtípus: | Cikk |
| Megjelent: |
1968-02-13
|
| Sorozat: | Délmagyarország
58 No. 36 |
| Kulcsszavak: | Hegyi József, Gumigyár, Gumigyár fejlesztése Szeged 1964 |
| Online Access: | http://dmarchiv.bibl.u-szeged.hu/67649 |
| LEADER | 00553nab a2200157 i 4500 | ||
|---|---|---|---|
| 001 | delm67649 | ||
| 005 | 20180927153709.0 | ||
| 008 | 180927s1968 hu o 0|| hun d | ||
| 040 | |a SZTE Délmagyarország Archívum |b hun | ||
| 041 | |a hun | ||
| 100 | 1 | |a Matkó István | |
| 245 | 1 | 0 | |a Új üzemrész Csehszlovákiából |h [elektronikus dokumentum] : |b 688 milliós beruházással épül az EMERGÉ II. / |c Matkó István |
| 260 | |c 1968-02-13 | ||
| 300 | |a 1 | ||
| 490 | 0 | |a Délmagyarország |v 58 No. 36 | |
| 695 | |a Hegyi József, Gumigyár, Gumigyár fejlesztése Szeged 1964 | ||